| 000 | 00587nam a2200241 a 4500 | ||
|---|---|---|---|
| 003 | AR-BaBNM | ||
| 005 | 20251128210128.0 | ||
| 008 | 082120s2002 ||||||||||||||000 | spa|| | ||
| 020 | _a84-204-2935-X | ||
| 040 | _cAR-BaBNM | ||
| 100 | 1 | _aSavater, Fernando | |
| 245 | 0 | 0 | _aCaronte aguarda |
| 260 |
_aMadrid _bAlfaguara _c1997 |
||
| 300 | _a229 p. | ||
| 490 | 0 |
_aAlfaguara bolsillo _vv. 66 |
|
| 650 | 4 | _aLITERATURA ESPAÑOLA | |
| 650 | 4 | _aLITERATURA CONTEMPORANEA | |
| 650 | 4 | _aNOVELAS | |
| 653 | _aGENERO POLICIAL | ||
| 655 | _aLITERATURA | ||
| 942 | _cBK | ||
| 998 | _cMARTIN | ||
| 999 |
_c14166 _d14166 |
||